1721 1420 1069 1336 1401 1212 1835 1321 1607 1203 1624 1767 1971 1941 1041 1720 1772 1621 1592 1216 1243 1971 1734 1454 1338 1510 1335 1766 1361 1301 1872 1165 1159 1485 1744 1744 1129 1065 1005 1203 1177 1306 1992 1818 1778 1756 1139 1292 1707 1049 1478 1438 1507 1470 1023 1857 1387 1714 1233 1731 1651 1660 1407 1088 1730 1564 1931 1816 1506 1950 1960 1730 1969 1725 1976 1212 1943 1415 1824 1463 1641 1762 1029 1008 1863 1064 1765 1169 1238 1934 1350 1839 1017 1643 1758 1395 1133 1971 1733 BCNSPRNW ULIB Ver.6.0+V

เปลี่ยนเป็นภาษาไทย

Change to English
 แสดงรายละเอียดบรรณานุกรม
  กลับหน้าหลัก

Brief Record : Get Marc (ISO 2709) : E-mail record : QR code < ปิดหน้าต่าง
LEADER : 00000nam 2200000uu 4500
001    13399114121
003     ULIB
008    120217s2554||||th 000 0 tha d
020    ^a9789740328001
060  4 ^aWL101^bว397ป
100 0  ^aวิไล ชินธเนศ
245 10 ^aประสาทส่วนปลาย จากกายวิภาคศาสตร์สู่การวินิจฉัย^n=Peripheral nerve:from anatomt to diagnosis /^cวิไล ชินธเนศ
246 0  ^aPeripheral nerve:from anatomt to diagnosis
250    ^aพิมพ์ครั้งที่ 1
260    ^aกรุงเทพฯ :^bโรงพิมพ์แห่งจุฬาลงกรณ์มหาวิทยาลัย,^c2554
300    ^a281 หน้า :^bภาพประกอบ ;^c27 ซม.
650  7 ^aกายวิภาคศาสตร์
650  7 ^aเส้นประสาทส่วนปลาย
945    ^p350^l0^i18756
945    ^p350^l0^i18757
995    ^a เกษร
999    ^aใช้งานได้ทุกระบบ
รายการนี้ยังไม่มีแท็ก
คุณยังไม่ได้ล็อกอิน คุณสามารถมีกิจกรรมร่วมกับเว็บไซต์ได้ แต่ต้องล็อกอินก่อน ::
  ล็อกอิน

รายการสื่อสารสนเทศ

ลำดับที่ ประเภท เลขเรียก/บาร์โค้ด สถานที่ สถานะ
1. วิทยาศาสตร์การแพทย์ และสุขภาพ
วิทยาศาสตร์การแพทย์ และสุขภาพ
สถานะ=หนังสือเก่า
WL101 ว397ป ฉ.1 
  Barcode: 18756
ห้องสมุดวิทยาเขตนครสวรรค์
►ส่วนจัดเก็บหนังสือเก่า นว.
บนชั้น
  ขอยืม
2. วิทยาศาสตร์การแพทย์ และสุขภาพ
วิทยาศาสตร์การแพทย์ และสุขภาพ
สถานะ=หนังสือเก่า
WL101 ว397ป ฉ.2 
  Barcode: 18757
ห้องสมุดวิทยาเขตนครสวรรค์
►ส่วนจัดเก็บหนังสือเก่า นว.
บนชั้น
  ขอยืม

รายการใกล้เคียง
    ผู้แต่ง [วิไล ชินธเนศ]

    หัวเรื่อง [กายวิภาคศาสตร์]
    หัวเรื่อง [เส้นประสาทส่วนปลาย]

BibComment


ยังไม่เคยถูกคอมเมนท์

คอมเมนท์ทรัพยากรรายการนี้
  คอมเมนท์: ประสาทส่วนปลาย จ..


 Copyright 2026. Bcnsprnw @Library